Shrouds and pockets / (Record no. 41011)

MARC details
000 -LEADER
fixed length control field 00766nam a22002297a 4500
005 - DATE AND TIME OF LATEST TRANSACTION
control field 20100811142340.0
010 ## - LCCN (DPL NO)
LC control number ENG-99712
020 ## - INTERNATIONAL STANDARD BOOK NUMBER
Terms of availability 295.00
International Standard Book Number 9789380032603
035 ## - SYSTEM CONTROL NUMBER
System control number EN-83244
037 ## - SOURCE OF ACQUISITION
Source of stock number/acquisition DBAD/PUB
082 ## - DEWEY DECIMAL CLASSIFICATION NUMBER
Classification number S
100 ## - MAIN ENTRY--PERSONAL NAME
Personal name Hitchcock, Alfred
245 ## - TITLE STATEMENT
Title Shrouds and pockets /
Statement of responsibility, etc by Alfred Hitchcock; edited by Cathleen Jordan
260 ## - PUBLICATION, DISTRIBUTION, ETC. (IMPRINT)
Place of publication, distribution, etc Chennai
Name of publisher, distributor, etc Westland
Date of publication, distribution, etc 2009
270 ## - ADDRESS
Address 571, Poonamallee High Road, Kamaraj Bhavan, Aminijikarai
City Chennai
Postal code 600029
300 ## - PHYSICAL DESCRIPTION
Extent 450p.
Dimensions 20cm (pbk)
650 ## - SUBJECT ADDED ENTRY--TOPICAL TERM
Topical term or geographic name as entry element Stories
700 ## - ADDED ENTRY--PERSONAL NAME
9 (RLIN) 10878
Personal name Jordan, Cathleen
700 ## - ADDED ENTRY--PERSONAL NAME
9 (RLIN) 10963
942 ## - ADDED ENTRY ELEMENTS (KOHA)
Source of classification or shelving scheme Dewey Decimal Classification
Item type English Books
Classification part S
Call number suffix HIT
Holdings
Withdrawn status Lost status Not for loan Collection code Home library Current library Date acquired Source of acquisition Cost, normal purchase price Full call number Barcode Copy number Cost, replacement price Koha item type
    Not For Loan Fiction D.B.Act.Division D.B.Act.Division 11/08/2010 DBAD/PUB 295.00 S HIT EN-83244 1 295.00 English Books

© Delhi Public Library
Hit Counter
free hit counter